|
|
|
|
| LEADER |
01507nam a2200397 a 4500 |
| 001 |
EBC1116232 |
| 003 |
MiAaPQ |
| 005 |
20200520144314.0 |
| 006 |
m o d | |
| 007 |
cr cn||||||||| |
| 008 |
120810s2013 njuad s 001 0 eng d |
| 010 |
|
|
|z 2012031973
|
| 020 |
|
|
|z 9781118435793 (cloth)
|
| 020 |
|
|
|a 9781118515990 (electronic bk.)
|
| 035 |
|
|
|a (MiAaPQ)EBC1116232
|
| 035 |
|
|
|a (Au-PeEL)EBL1116232
|
| 035 |
|
|
|a (CaPaEBR)ebr10650994
|
| 035 |
|
|
|a (CaONFJC)MIL445236
|
| 035 |
|
|
|a (OCoLC)805892456
|
| 040 |
|
|
|a MiAaPQ
|c MiAaPQ
|d MiAaPQ
|
| 050 |
|
4 |
|a HG4638
|b .H66 2013
|
| 082 |
0 |
4 |
|a 332.63/2042
|2 23
|
| 100 |
1 |
|
|a Hooper, Joseph,
|d 1943-
|
| 245 |
1 |
0 |
|a Advanced charting techniques for high probability trading
|h [electronic resource] :
|b the most accurate and predictive charting method ever created /
|c Joseph Hooper, Aaron Zalewski, Ed Watanabe.
|
| 260 |
|
|
|a Hoboken, N.J. :
|b John Wiley & Sons,
|c c2013.
|
| 300 |
|
|
|a xiv, 147 p. :
|b col. ill.
|
| 440 |
|
0 |
|a Wiley trading series
|
| 500 |
|
|
|a Includes index.
|
| 533 |
|
|
|a Electronic reproduction. Ann Arbor, MI : ProQuest, 2016. Available via World Wide Web. Access may be limited to ProQuest affiliated libraries.
|
| 650 |
|
0 |
|a Stocks
|v Charts, diagrams, etc.
|
| 650 |
|
0 |
|a Investment analysis.
|
| 655 |
|
4 |
|a Electronic books.
|
| 700 |
1 |
|
|a Zalewski, Aaron,
|d 1980-
|
| 700 |
1 |
|
|a Watanabe, Ed.
|
| 710 |
2 |
|
|a ProQuest (Firm)
|
| 856 |
4 |
0 |
|u https://ebookcentral.proquest.com/lib/matrademy/detail.action?docID=1116232
|z Click to View
|